Kraje w których jest najwięcej turystów - Statystyki

Ogólne statystyki
  • Ten quiz został rozwiązany 135 razy
  • Średni wynik to 17 z 24
Statystyki odpowiedzi
Turyści Kraj % Poprawnych
79.6 m Stany Zjednoczone
98%
89.4 m Francja
96%
82.8 m Hiszpania
96%
38.9 m Niemcy
96%
62,1 m Włochy
96%
19.6 m Polska
93%
62.9 m Chiny
91%
24.6 m Rosja
88%
21.1 m Kanada
85%
45.8 m Turcja
85%
30.1 m Grecja
83%
31.3 m Japonia
82%
36.3 m Wielka Brytania
82%
22.8 m Portugalia
79%
17.4 m Indie
73%
41.4 m Meksyk
73%
16.6 m Chorwacja
64%
30.8 m Austria
55%
19.0 m Holandia
54%
38.3 m Tajlandia
46%
15.5 m Wietnam
34%
17.1 m Węgry
33%
15.9 m Zjednoczone Emiraty Arabskie
31%
25.8 m Malezja
29%
Nie znaleziono quizów pasujących do podanych kryteriów
Rozkład punktacji
Procent ludzi z każdym wynikiem
Percentyl według liczby udzielonych odpowiedzi
Twoja historia wyników
Nie rozwiązałeś tego quizu